| 000 | 00577nam a2200121Ia 4500 | ||
|---|---|---|---|
| 008 | 220615s9999||||xx |||||||||||||| ||und|| | ||
| 100 | _aFornäs, Johan | ||
| 245 | 0 | _aSignifying Europe | |
| 546 | _aEnglish[eng] | ||
| 650 | _aEurope||symbols||European identity||European flag||European anthem||euro||Europe||European Union | ||
| 856 | _uhttps://library.oapen.org/bitstream/20.500.12657/29760/1/9781841505213.pdf||https://library.oapen.org/bitstream/20.500.12657/29760/1/9781841505213.pdf||https://library.oapen.org/bitstream/20.500.12657/29760/1/9781841505213.pdf | ||
| 942 | _cEB | ||
| 999 |
_c7816 _d7816 |
||